| 000 | 00718nam a22002415i 4500 | ||
|---|---|---|---|
| 001 | 11530 | ||
| 003 | ES-MaACL | ||
| 005 | 20230906150124.0 | ||
| 007 | t| | ||
| 008 | 930819s1993 sp ||||0| spa d | ||
| 020 | _a84-85691-69-5 | ||
| 040 |
_aM-BN _bspa _cM-BN |
||
| 080 | _a316.34 | ||
| 245 | 0 | 0 |
_aTeorías contemporáneas de las clases sociales / _cJulio Carabaña, Andrés de Francisco (comps.) ... [et al.]. |
| 250 | _a2ª ed. | ||
| 260 |
_aMadrid : _bPablo Iglesias, _c1994. |
||
| 300 |
_a263 p ; _c21 cm. |
||
| 504 | _aBibliografía. | ||
| 650 | 1 | 4 |
_aClases sociales. _911111 |
| 700 | 1 |
_aCarabaña, Julio. _934922 |
|
| 700 | 1 |
_aFrancisco, Andrés de. _952186 |
|
| 852 |
_aES-MaACL _jL-18854 _bR.124606 |
||
| 999 |
_c11530 _d11530 |
||